| 000 | 00344nam a2200133Ia 4500 | ||
|---|---|---|---|
| 008 | 230917s9999||||xx |||||||||||||| ||und|| | ||
| 040 |
_e91634 _aMAIN |
||
| 041 | _aEnglish | ||
| 082 | _a910.091732 D152N | ||
| 100 | _aDaler Singh | ||
| 245 | 0 | _aNarnaul town residential land use district Mohindergarh (Haryana) | |
| 300 | _a29 p. | ||
| 942 | _cTH | ||
| 999 |
_c48157 _d48157 |
||